| 000 | 01132pam a2200265 a 4500 | ||
|---|---|---|---|
| 999 |
_c58389 _d58389 |
||
| 001 | 3314059 | ||
| 005 | 20220117124653.0 | ||
| 008 | 840612s19859999nyua b 001 0 eng | ||
| 020 | _a9780070367050 | ||
| 041 | _aeng | ||
| 080 | _a821.111(092) L-41 | ||
| 082 | 0 | 0 | _2 |
| 100 | 1 |
_aLawrence, Karen, _d1949- _913375 |
|
| 245 | 1 | 4 |
_aThe McGraw-Hill guide to English literature : _cKaren Lawrence, Betsy Seifter, and Lois Ratner. _bVolume 2. William Blake to D.H. Lawrence / |
| 264 |
_aNew York : _bMcGraw-Hill, _c1985. |
||
| 300 |
_a480 p.; _bill., _c22 cm. |
||
| 650 | 0 |
_aEnglish literature _xStudy and teaching. _913376 |
|
| 653 | _aმაკგრაუ-ჰილის სახელმძღვანელო ინგლისურ ლიტერატურაში | ||
| 653 | _aПутеводитель McGraw-Hill по английской литературе | ||
| 653 | _aსწავლა და სწავლება | ||
| 653 | _aУчеба и преподавание | ||
| 700 | 1 |
_aSeifter, Betsy. _eავტორი _913377 |
|
| 700 | 1 |
_aRatner, Lois. _eავტორი _913378 |
|
| 942 |
_2udc _cBK |
||